Rivers of revival / (Record no. 2920)

MARC details
000 -LEADER
fixed length control field 01032pam a2200313 a 4500
001 - CONTROL NUMBER
control field 3070739
003 - CONTROL NUMBER IDENTIFIER
control field GBCCL
005 - DATE AND TIME OF LATEST TRANSACTION
control field 20241126110443.0
008 - FIXED-LENGTH DATA ELEMENTS--GENERAL INFORMATION
fixed length control field 970421s1997 caua b 000 0deng
010 ## -
-- 97019967
020 ## - INTERNATIONAL STANDARD BOOK NUMBER
International Standard Book Number 0830719342 (hardcover)
040 ## - CATALOGING SOURCE
Original cataloging agency DLC
Transcribing agency DLC
Modifying agency DLC
043 ## -
-- n-us---
050 00 -
-- BV3790
-- .T675 1997
082 00 - DEWEY DECIMAL CLASSIFICATION NUMBER
Classification number 269.24
Edition information 21
Item number AND
100 1# - MAIN ENTRY--PERSONAL NAME
Personal name Towns, Elmer L.
9 (RLIN) 410
245 10 - TITLE STATEMENT
Title Rivers of revival /
Statement of responsibility, etc. Elmer L. Towns and Neil T. Anderson.
260 ## - PUBLICATION, DISTRIBUTION, ETC.
Place of publication, distribution, etc. Ventura, Calif. :
Name of publisher, distributor, etc. Regal,
Date of publication, distribution, etc. c1997.
300 ## - PHYSICAL DESCRIPTION
Extent 350 p. :
Other physical details ill. ;
Dimensions 23 cm.
504 ## - BIBLIOGRAPHY, ETC. NOTE
Bibliography, etc. note Includes bibliographical references (p. [345]-350).
650 #0 - SUBJECT ADDED ENTRY--TOPICAL TERM
Topical term or geographic name entry element Revivals.
9 (RLIN) 344
650 #0 - SUBJECT ADDED ENTRY--TOPICAL TERM
Topical term or geographic name entry element Evangelistic work.
9 (RLIN) 290
650 #0 - SUBJECT ADDED ENTRY--TOPICAL TERM
Topical term or geographic name entry element Revivals
General subdivision History.
9 (RLIN) 6087
650 #0 - SUBJECT ADDED ENTRY--TOPICAL TERM
Topical term or geographic name entry element Evangelists
Geographic subdivision United States.
9 (RLIN) 6099
700 1# - ADDED ENTRY--PERSONAL NAME
Personal name Anderson, Neil T.,
Dates associated with a name 1942-
9 (RLIN) 3947
906 ## - LOCAL DATA ELEMENT F, LDF (RLIN)
a 7
b cbc
c orignew
d 1
e ocip
f 19
g y-gencatlg
942 ## - ADDED ENTRY ELEMENTS (KOHA)
Source of classification or shelving scheme Dewey Decimal Classification
Koha item type Books
Koha issues (borrowed), all copies 3
Holdings
Withdrawn status Lost status Source of classification or shelving scheme Damaged status Not for loan Home library Current Library Shelving location Date acquired Total checkouts Total renewals Full call number Barcode Date last seen Date last checked out Copy number Price effective from Koha item type
    Dewey Decimal Classification     GRACE BIBLE COLLEGE GRACE BIBLE COLLEGE Ministry & Mission 2017-10-09 3 3 269.24 AND 006401 2025-05-01 2023-03-16 c.2 2017-10-09 Books
    Dewey Decimal Classification     GRACE BIBLE COLLEGE GRACE BIBLE COLLEGE Ministry & Mission 2017-10-09     269.24 AND 006400 2025-05-01   c.1 2017-10-09 Books
© Grace Bible College Library 2025